Constituencies of Wallonia - Statistics

General Stats
  • This quiz has been taken 13 times
  • The average score is 7 of 11
Answers on the Map
Answers color-coded by a green-red scale on the quiz's map according to % correct below.
 
Answer Stats
Answer % Correct
Liège
100%
Mons
86%
Namur
86%
Huy-Waremme
71%
Verviers
71%
Charleroi-Thuin
57%
Dinant-Philippeville
43%
Nivelles
43%
Soignies
43%
Tournai-Ath-Mouscron
43%
Arlon-Marche-en-Famenne-Bastogne-Neufchâteau-Virton
14%
No matching quizzes found
Score Distribution
Percent of People with Each Score
Percentile by Number Answered
Your Score History
You have not taken this quiz